[Event "GER-chT Schools WK II"]
[Site "Verden an der Aller"]
[Date "2011.05.14"]
[Round "2.4"]
[White "Bergmann, Ole Jonathan"]
[Black "Ihde, Sven"]
[Result "1-0"]
[WhiteElo "1245"]
[BlackElo "1142"]
[PlyCount "57"]
[EventDate "2011.05.14"]
[EventType "team-swiss"]
[EventRounds "7"]
[EventCountry "GER"]
[SourceTitle "EXT 2022"]
[Source "ChessBase"]
[SourceDate "2021.10.06"]
[SourceVersion "1"]
[SourceVersionDate "2021.10.06"]
[SourceQuality "1"]
[WhiteTeam "Claudius Gymn U17"]
[BlackTeam "Oranienburg Louise Henriette Gym U17"]
[WhiteTeamCountry "GER"]
[BlackTeamCountry "GER"]

1. e4 c5 2. Nc3 d6 3. d3 g6 4. g3 Bg7 5. Bg2 Nc6 6. f4 e6 7. Nf3 f5 8. 0-0 Nf6 9. Qe2 0-0 10. Rb1 Ng4 11. h3 Nd4 12. Nxd4 Bxd4+ 13. Kh1 Nh6 14. Nb5 Bg7 15. Be3 e5 16. Kh2 exf4 17. Bxf4 g5 18. Bxd6 Rf7 19. Bxc5 f4 20. gxf4 gxf4 21. Bf2 Qg5 22. Nc3 f3 23. Bxf3 Be5+ 24. Kh1 Bxh3 25. Rg1 Ng4 26. Bxg4 Qf4 27. Bxh3+ Kh8 28. Bg3 Qh6 29. Bxe5+ 1-0

[Event "GER-chT Schools WK II"]
[Site "Verden an der Aller"]
[Date "2011.05.14"]
[Round "3.4"]
[White "Ihde, Sven"]
[Black "Kropp, Jan Ricardo"]
[Result "1-0"]
[WhiteElo "1142"]
[BlackElo "1148"]
[PlyCount "47"]
[EventDate "2011.05.14"]
[EventType "team-swiss"]
[EventRounds "7"]
[EventCountry "GER"]
[SourceTitle "EXT 2022"]
[Source "ChessBase"]
[SourceDate "2021.10.06"]
[SourceVersion "1"]
[SourceVersionDate "2021.10.06"]
[SourceQuality "1"]
[WhiteTeam "Oranienburg Louise Henriette Gym U17"]
[BlackTeam "St Johannis Schule U17"]
[WhiteTeamCountry "GER"]
[BlackTeamCountry "GER"]

1. d4 d5 2. Nf3 Bf5 3. e3 a6 4. Bd3 Bg4 5. c3 Nc6 6. Nbd2 e5 7. e4 exd4 8. Qc2 dxc3 9. bxc3 dxe4 10. Bxe4 Qe7 11. 0-0 Qf6 12. Bxc6+ bxc6 13. Re1+ Be7 14. Ne4 Qg6 15. Ne5 Qe6 16. Nxg4 Qxg4 17. Qa4 Qe6 18. Bg5 h6 19. Nf6+ Kf8 20. Rxe6 fxe6 21. Nd7+ Kf7 22. Qxc6 Nf6 23. Ne5+ Kg8 24. Qxa8+ 1-0